Personnages de Dr. Stone par images - Statistiques

Statistiques générales
  • Ce quiz a été pris 162 fois
  • Le résultat moyen est 9 sur 12
Statistiques - réponses
Par images Réponse % Correct
Senku
100%
Gen
91%
Chrome
89%
Taiju
82%
Suika
81%
Tsukasa
81%
Kohaku
77%
Kinro
66%
Yuzuriha
63%
Ruri
61%
Ukyo
46%
Nanami
25%
Aucun quiz correspondant
Distribution des résultats
% des personnes avec chaque résultat
Percentile par nombre de réponses
Votre historique - résultats
Vous n’avez pas pris ce quiz